Computer system and network security/ (Record no. 19584)
[ view plain ]
| 000 -LEADER | |
|---|---|
| fixed length control field | 00544nam a22001817a 4500 |
| 008 - FIXED-LENGTH DATA ELEMENTS--GENERAL INFORMATION | |
| fixed length control field | 220928b |||||||| |||| 00| 0 eng d |
| 020 ## - INTERNATIONAL STANDARD BOOK NUMBER | |
| International Standard Book Number | 1138583085 |
| 050 ## - LIBRARY OF CONGRESS CALL NUMBER | |
| Classification number | QA76.9 |
| Item number | .A35W45 1996 |
| 100 ## - MAIN ENTRY--PERSONAL NAME | |
| Personal name | White, Gregory B. |
| 245 ## - TITLE STATEMENT | |
| Title | Computer system and network security/ |
| Statement of responsibility, etc. | Gregory B. White, Eric A. Fisch & Udo W. Pooch |
| 260 ## - PUBLICATION, DISTRIBUTION, ETC. (IMPRINT) | |
| Place of publication, distribution, etc. | New York |
| Name of publisher, distributor, etc. | CRC press |
| Date of publication, distribution, etc. | 1996 |
| 300 ## - PHYSICAL DESCRIPTION | |
| Extent | 296p. |
| 650 ## - SUBJECT ADDED ENTRY--TOPICAL TERM | |
| Topical term or geographic name as entry element | Computer security |
| 650 ## - SUBJECT ADDED ENTRY--TOPICAL TERM | |
| Topical term or geographic name as entry element | Computer networks |
| Form subdivision | Security measures |
| 700 ## - ADDED ENTRY--PERSONAL NAME | |
| Personal name | Fisch, Eric A. |
| 700 ## - ADDED ENTRY--PERSONAL NAME | |
| Personal name | Pooch, Udo W. |
| 942 ## - ADDED ENTRY ELEMENTS (KOHA) | |
| Source of classification or shelving scheme | Library of Congress Classification |
| Koha item type | General Collection |
| Withdrawn status | Lost status | Source of classification or shelving scheme | Not for loan | Home library | Current library | Date acquired | Cost, normal purchase price | Inventory number | Total Checkouts | Full call number | Barcode | Date last seen | Copy number | Price effective from | Koha item type |
|---|---|---|---|---|---|---|---|---|---|---|---|---|---|---|---|
| Library of Congress Classification | Kabarak, Main Campus | Kabarak, Main Campus | 28/09/2022 | 8690.00 | 0519/2022 | QA76.9 .A35W45 1996 C.1 | 032062 | 28/09/2022 | C.1 | 28/09/2022 | General Collection | ||||
| Library of Congress Classification | Kabarak, Main Campus | Kabarak, Main Campus | 28/09/2022 | 8690.00 | 0520/2022 | QA76.9 .A35W45 1996 C.2 | 032063 | 28/09/2022 | C.2 | 28/09/2022 | General Collection |